KOHA-Header-6

Basic statistics (Record no. 7695)

000 -LEADER
fixed length control field 00248nam a2200109Ia 4500
100 ## - MAIN ENTRY--AUTHOR NAME
Personal name Woehlke,Elmore
245 #0 - TITLE STATEMENT
Title Basic statistics
260 ## - PUBLICATION, DISTRIBUTION, ETC. (IMPRINT)
Place of publication USA
Name of publisher Education
Year of publication 1997
300 ## - PHYSICAL DESCRIPTION
Number of Pages 242
942 ## - ADDED ENTRY ELEMENTS (KOHA)
Koha item type Books
Holdings
Withdrawn status Lost status Collection code Permanent Location Current Location Shelving location Date acquired Full call number Accession Number Koha item type
    Statistics MAJU MAJU Shelf No.A27 2019-09-12 515 1717 Statistics

Powered by Koha